000
00478nam a2200181Ia 4500
008
090124s9999 xx 000 0 und d
082
_b
20756
_a
2378
100
_a
राव के. एल.
245
_a
पाटबंधारे
250
_a
1
260
_c
1974
300
_a
22
600
_a
राव के. एल.
630
_a
पाटबंधारे
700
_a
राव के. एल.
730
_a
पाटबंधारे
942
_c
BOOK
999
_c
134558
_d
134558